000 00521nam a22001337a 4500
008 140320b xxu||||| |||| 00| 0 eng d
050 _aSPC DT377.B88 1897
100 _a Bruce, James
_99203
245 _aTravels of James Bruce
_bthrough part of Africa, Syria, Egypt, and Arabia into Abyssinia to discover the sorce of the Nile
_cJames Bruce
260 _aLondon
_bW. and R. Chambers
_c1897
300 _avii, 358p ;
_c20cm.
650 _aNile River
_xDescription and travel
_zEthiopia
_zEgypt
_99204
942 _2lcc
_cREFERENCE
999 _c120236
_d120236